A kórházi sürgősségi ellátás alapjai sepsis /

Elmentve itt :
Bibliográfiai részletek
Szerző: Molnár Zsolt
Dokumentumtípus: Könyv
Megjelent: 2015
Kulcsszavak:fertőző betegségek
sürgősségi
betegellátás
Tárgyszavak:
Online Access:http://eta.bibl.u-szeged.hu/969
LEADER 00858nnm a2200265 i 4500
001 eta969
005 20190411115858.0
008 181121s2015 hu o 0|| hun d
040 |a SZTE Elektronikus Tananyag Archívum  |b hun 
041 |a hun 
100 1 |a Molnár Zsolt 
245 1 2 |a A kórházi sürgősségi ellátás alapjai   |h [elektronikus dokumentum] :  |b sepsis /  |c  Molnár Zsolt 
260 |c 2015 
300 |a 5 
516 |a Book 
650 4 |a Orvos- és egészségtudomány 
650 4 |a Klinikai orvostan 
650 4 |a Intenzív és sürgősségi ellátás 
650 4 |a Sürgősségi ellátás 
650 4 |a Egészségtudományok 
650 4 |a Fertőző betegségek 
695 |a fertőző betegségek 
695 |a sürgősségi 
695 |a betegellátás 
856 4 0 |u https://eta.bibl.u-szeged.hu/969/1/molnar_zsolt_sepsis.pdf  |z Dokumentum-elérés